La reciprocità uomo-donna (Record n. 211990)
[ formato base ]
| 000 -LEADER | |
|---|---|
| fixed length control field | 01417nam a2200205Ia 4500 |
| 001 - CONTROL NUMBER | |
| control field | b5188-34314 |
| 003 - CONTROL NUMBER IDENTIFIER | |
| control field | IT-MiCISF |
| 008 - FIXED-LENGTH DATA ELEMENTS--GENERAL INFORMATION | |
| fixed length control field | 161014s9999||||xx |||||||||||||| ||und|| |
| 040 ## - CATALOGING SOURCE | |
| Original cataloging agency | IT-MiCISF |
| Transcribing agency | IT-MiCISF |
| 041 ## - LANGUAGE CODE | |
| Language code of text/sound track or separate title | it |
| 999 ## - SYSTEM CONTROL NUMBERS (KOHA) | |
| Koha Dewey Subclass [OBSOLETE] | si |
| 100 ## - MAIN ENTRY--PERSONAL NAME | |
| Personal name | Bonetti Renzo (a cura di) |
| 245 #0 - TITLE STATEMENT | |
| Title | La reciprocità uomo-donna |
| Remainder of title | Via di spiritualità coniugale e familiare |
| 250 ## - EDITION STATEMENT | |
| Edition statement | 1a ed. |
| 260 ## - PUBLICATION, DISTRIBUTION, ETC. (IMPRINT) | |
| Place of publication, distribution, etc. | Roma |
| Name of publisher, distributor, etc. | Città Nuova |
| Date of publication, distribution, etc. | 2001 |
| 300 ## - PHYSICAL DESCRIPTION | |
| Extent | pp. 520 |
| 500 ## - GENERAL NOTE | |
| General note | Scola A., Bartolini E., Torti Mazzi R., Santorsola L., Giuliodori C., Mazzanti G., Di Nicola G.P., Danese A., Zattoni M., Gillini G., Rocchetta C., Aliotta M., Castellano Cervera J., Crociani L., Lora M. & M., Pilloni F., Valentini N., Gobbi L., Verdon T. / pastorale-familiare, spiritualità-coniugale, spiritualità-familiare, bibbia, differenza-sessuale, teologia, religioni-non-cristiane / Risultato della quinta Settimana Nazionale di studi sulla spiritualità coniugale e familiare, incentrata sulla reciprocità uomo-donna colti nella loro differenza originaria, il volume offre una vasta panoramica di opinioni e proposte per uno stimolante dibattito su un tema così importante per i cristiani di oggi. Tra i principali autori: E. Bartolini, A. Danese, G. P. Di Nicola, G. Gillini, M. Zattoni, C. Giuliodori, G. Mazzanti, C. Rocchetta, A. Scola. |
| 650 ## - SUBJECT ADDED ENTRY--TOPICAL TERM | |
| Topical term or geographic name as entry element | Temi di pastorale / pastorale-familiare |
| Relator term | 012 |
| 942 ## - ADDED ENTRY ELEMENTS (KOHA) | |
| Koha item type | LIBRO |
| 957 ## - | |
| -- | 1 |
| 999 ## - SYSTEM CONTROL NUMBERS (KOHA) | |
| -- | 1 |
| Withdrawn status | Lost status | Damaged status | Not for loan | Home library | Current library | Date acquired | Total Checkouts | Full call number | Date last seen | Price effective from | Koha item type | Public note |
|---|---|---|---|---|---|---|---|---|---|---|---|---|
| Buone Condizioni | Not For Loan | CISF - Milano | CISF - Milano | 14/10/2016 | b5188-34314 | 14/10/2016 | 14/10/2016 | LIBRO | Data import 15.10.2016 / by Epidotti, Vaglietti |